| 000 | 01578nam a2200481 i 4500 | ||
|---|---|---|---|
| 001 | 39537 | ||
| 003 | KOSZ 005 | ||
| 005 | 20190822101456.0 | ||
| 008 | 010510s2000 pl a f |000 0 pol | ||
| 015 | _aPB 2001/9157 | ||
| 020 | _a8388007564 | ||
| 035 | _a991016118099705066 | ||
| 035 | _a(PL-WaBN)b1432734x-48omnis_nlop | ||
| 035 | _ab1432734x | ||
| 035 | _a(OCoLC)749226377 | ||
| 035 | _a(PL)b0000001432734 | ||
| 035 | _a(EXLNZ-48OMNIS_NETWORK)9910105537205606 | ||
| 040 |
_aWA N _cWA N _dKOSZ 005/HR |
||
| 041 | 0 | _apol | |
| 046 | _k2000 | ||
| 080 | _a681.5 | ||
| 080 | _a658.5 | ||
| 100 | 1 |
_aZawadzka, Ludmiła _d(1943- ) _eAutor |
|
| 245 | 1 | 0 |
_aPodstawy projektowania elastycznych systemów sterowania produkcją : _bproblemy techniczno-ekonomiczne / _cLudmiła Zawadzka. |
| 260 |
_aGdańsk : _bWydaw. Politechniki Gdańskiej, _c2000. |
||
| 300 |
_a207, [1] s. : _bil. ; _c24 cm. |
||
| 336 |
_2rdacontent _aTekst _btxt |
||
| 337 |
_2rdamedia _aBez urządzenia pośredniczącego _bn |
||
| 338 |
_2rdacarrier _aWolumin _bnc |
||
| 380 | _aKsiążki | ||
| 388 | _a1901-2000 | ||
| 388 | _a1989-2000 | ||
| 504 | _aBibliogr. | ||
| 650 | 7 |
_aElastyczne systemy wytwarzania _2DBN |
|
| 650 | 7 | _aProdukcja | |
| 650 | 7 | _aSterowanie | |
| 650 | 7 | _aProjektowanie | |
| 658 | _aInżynieria i technika | ||
| 710 | 2 |
_aWydawnictwo Politechniki Gdańskiej _4pbl |
|
| 856 |
_uhttp://koha.tu.koszalin.pl/cgi-bin/koha/opac-detail.pl?biblionumber=39537 _yKatalog online BPK |
||
| 942 |
_2UKD _cKS |
||
| 999 |
_c39537 _d39537 |
||